So many me's / (Record no. 7856)
[ view plain ]
| 000 -LEADER | |
|---|---|
| fixed length control field | 00985nam a22003017a 4500 |
| 001 - CONTROL NUMBER | |
| control field | 7856 |
| 003 - CONTROL NUMBER IDENTIFIER | |
| control field | FISKH |
| 005 - DATE AND TIME OF LATEST TRANSACTION | |
| control field | 20250812100819.0 |
| 008 - FIXED-LENGTH DATA ELEMENTS--GENERAL INFORMATION | |
| fixed length control field | 250812b cb ||||| |||| 00| 0 eng d |
| 020 ## - INTERNATIONAL STANDARD BOOK NUMBER | |
| International Standard Book Number | 9780516228839 |
| 040 ## - CATALOGING SOURCE | |
| Original cataloging agency | FISKH |
| Language of cataloging | eng |
| Transcribing agency | FISKH |
| Modifying agency | FISKH |
| 050 ## - LIBRARY OF CONGRESS CALL NUMBER | |
| Classification number | PZ7.N295 S |
| 082 ## - DEWEY DECIMAL CLASSIFICATION NUMBER | |
| Classification number | 468 |
| 100 ## - MAIN ENTRY--PERSONAL NAME | |
| Personal name | J.Neasi, Barbara |
| 245 ## - TITLE STATEMENT | |
| Title | So many me's / |
| Statement of responsibility, etc. | Written by Barbara J.Neasi ; Illustrated by Ana Ochoa |
| 250 ## - EDITION STATEMENT | |
| Edition statement | This edition first published in 2003 |
| 260 ## - PUBLICATION, DISTRIBUTION, ETC. | |
| Place of publication, distribution, etc. | Canada : |
| Name of publisher, distributor, etc. | Scholastic, |
| Date of publication, distribution, etc. | 2003 |
| 300 ## - PHYSICAL DESCRIPTION | |
| Extent | 31 pages : |
| Other physical details | color illustrations ; |
| Dimensions | 19 cm |
| 505 ## - FORMATTED CONTENTS NOTE | |
| Formatted contents note | G<br/> |
| 520 ## - SUMMARY, ETC. | |
| Summary, etc. | A girl contemplates the many different roles she plays in her family and community, including daughter, granddaughter, sister, cousin, student, patient, and friend.<br/> |
| 521 8# - TARGET AUDIENCE NOTE | |
| Target audience note | 350<br/> |
| Source | Lexile<br/> |
| 521 8# - TARGET AUDIENCE NOTE | |
| Target audience note | G<br/> |
| Source | Raz-Plus<br/> |
| 650 ## - SUBJECT ADDED ENTRY--TOPICAL TERM | |
| Source of heading or term | Family |
| Topical term or geographic name entry element | Identity |
| 650 ## - SUBJECT ADDED ENTRY--TOPICAL TERM | |
| Source of heading or term | Reader |
| Topical term or geographic name entry element | Vocabulary |
| 700 ## - ADDED ENTRY--PERSONAL NAME | |
| Personal name | Ochoa, Ana |
| Dates associated with a name | illustrator |
| 942 ## - ADDED ENTRY ELEMENTS (KOHA) | |
| Source of classification or shelving scheme | Dewey Decimal Classification |
| Koha item type | Books |
| Suppress in OPAC | No |
| Withdrawn status | Lost status | Source of classification or shelving scheme | Damaged status | Not for loan | Collection | Home library | Current library | Shelving location | Date acquired | Total Checkouts | Full call number | Barcode | Date due | Date last seen | Date last checked out | Copy number | Price effective from | Koha item type |
|---|---|---|---|---|---|---|---|---|---|---|---|---|---|---|---|---|---|---|
| Dewey Decimal Classification | Juvenile Fiction | Footprints International School Library Network Toul Tom Poung Campus | Footprints International School Library Network Toul Kork Campus | TTP Primary Green Bookshelves | 08/12/2025 | 1 | NEA 468 PZ7.N295 S | FIS03411 | 04/08/2026 | 03/25/2026 | 03/25/2026 | 1 | 08/12/2025 | Books |
